000 00308nam a22001457a 4500
003 SGT
020 _a978-81-265-5856-8
082 _a532
_bFOX
100 _aFOX,ROBERT.W
245 _aFLUID MECHANICS
260 _aNEW DELHI
_bWILEY
_c2016
300 _a662
650 _aCIVIL ENGINEERING
942 _2ddc
_cBK
999 _c14368
_d14368